| 000 | 01193nam a2200301Ia 4500 | ||
|---|---|---|---|
| 003 | OSt | ||
| 005 | 20200715164943.0 | ||
| 008 | 191128s2007 sp ad fr 000 0 spa d | ||
| 020 | _a9788495348227 | ||
| 040 |
_aCO-JMCR _cCO-JMCR |
||
| 041 | 1 |
_aspa _heng |
|
| 082 | 0 | 4 |
_a338.9 / _bH246m _223 |
| 100 | 1 |
_aHelpman, Elhanan, _eautor _97344 |
|
| 245 | 1 | 3 |
_aEl Misterio del crecimiento económico / _cElhanan Helpman ; traducción de Ma. Esther Rebasco y Luis Toharia |
| 260 |
_aBarcelona : _bAntoni Bosh, _c2007 |
||
| 300 |
_a232 páginas : _bgráficos a blanco y negro ; _c24 cm. |
||
| 500 | _aTítulo original: The mystery of economic growth. | ||
| 504 | _aBibliografía: páginas 201-216 | ||
| 505 | 0 | _aLos hechos -- La acumulación -- La productividad -- La innovación -- La interdependencia -- La desigualdad -- Las instituciones y la política | |
| 546 | _aTraducido del inglés. | ||
| 650 | 1 |
_aDesarrollo socioeconómico _97345 |
|
| 650 | 1 |
_aEconomía _97346 |
|
| 650 | 1 |
_aDesarrollo económico. _97347 |
|
| 650 | 1 |
_aProducción (Teoría económica) _97348 |
|
| 700 | 1 |
_aRebaso, Ma. Esther, _etraductora _97349 |
|
| 700 | 1 |
_aToharia, Luis, _etraductor _94738 |
|
| 942 |
_2ddc _cBK |
||
| 999 |
_c6381 _d6381 |
||